Import substitution strategy and industrialization in Iran (Record no. 15260)

MARC details
000 -LEADER
fixed length control field 00419nam a2200157Ia 4500
082 ## - DEWEY DECIMAL CLASSIFICATION NUMBER
Classification number TA.0029
100 ## - MAIN ENTRY--AUTHOR NAME
Personal name Assadi, Morteza
245 #0 - TITLE STATEMENT
Title Import substitution strategy and industrialization in Iran
260 ## - PUBLICATION, DISTRIBUTION, ETC. (IMPRINT)
Year of publication 1988
Name of publisher Jamia Millia Islamia
300 ## - PHYSICAL DESCRIPTION
Number of Pages 374
650 ## - SUBJECT ADDED ENTRY--TOPICAL TERM
Topical Term Import substitution
Geographic subdivision Iran
650 ## - SUBJECT ADDED ENTRY--TOPICAL TERM
Topical Term Industrialization
Geographic subdivision Iran
650 ## - SUBJECT ADDED ENTRY--TOPICAL TERM
Topical Term Iran
Form subdivision Industries
710 ## - ADDED ENTRY--CORPORATE NAME
Corporate name or jurisdiction name as entry element Bilgrani, A.R.
942 ## - ADDED ENTRY ELEMENTS (KOHA)
Koha item type Thesis
Source of classification or shelving scheme Dewey Decimal Classification
Holdings
Withdrawn status Lost status Damaged status Not for loan Home library Current library Date acquired Bill Date Full call number Accession Number Price effective from Koha item type
        NASSDOC Library NASSDOC Library 08/10/2004 2004-10-22 TA.0029 29419 18/04/2019 Thesis